| 000 | 00522nam a22001697a 4500 | ||
|---|---|---|---|
| 005 | 20241001094507.0 | ||
| 008 | 240912b |||||||| |||| 00| 0 eng d | ||
| 020 | _a978-1843-092872 | ||
| 082 |
_a635.967 _bMCH-P |
||
| 100 | _aMcHoy, Peter | ||
| 245 |
_aPlanning your Garden : _bcomplete guide to designing and planning a beautiful garden / _cby Peter McHoy |
||
| 260 |
_aNew york : _bHermess House ; _c2002 . |
||
| 300 |
_a256 p . : _bill ; _c30 cm. |
||
| 500 | _a Include Index. | ||
| 650 | _aAgriculture | ||
| 999 |
_c36573 _d36573 |
||